00881ny a22001813n 450000500170000000800410001702000150005803500090007304000170008208000180009910000280011724501260014525600240027126000450029550602800034074000390062085600400065920240305165312.0070710s2006 ag s 000 0 spa d a987114573X a2242 aUMA.REdvLex a340.12(0.034)1 aMorón Alcain, Eduardo13aEl ser, el hombre y la razón como fundamentos de la moral y el derechoh[Recurso electrónico]cEduardo Morón Alcain aServicio en línea aCórdoba (Argentina) :bAlveroni,c20061 aContenido solo disponible en los productos indicadosdvLex GlobaldvLex Global (Academic Edition, excluding Law Schools)dvLex Global (U.S. Academic Edition, Law Schools)dvLex Global (U.S. Academic Edition, excluding Law Schools)dvLex Global (Academic Edition, Law Schools)0 avLex Libros (Servicios en línea)40uhttps://app.vlex.com/#/sources/2242